[Event "Silver Lake Open-A 2019"]
[Site "Veliko Gradiste"]
[Date "2019.06.18"]
[Round "4.10"]
[White "Strugnell, Carl"]
[Black "Ernst, Sipke"]
[Result "0-1"]
[WhiteElo "2260"]
[BlackElo "2541"]
[Annotator "ChessBase"]
[PlyCount "64"]
[EventDate "2019.06.16"]
[EventType "swiss"]
[EventCountry "SRB"]
[SourceTitle "playchess.com"]
[Source "ChessBase"]
[SourceQuality "1"]
[TimeControl "40/5400+30:900+30"]

1. e4 {[%emt 0:00:00]} e6 {[%emt 0:00:00]} 2. d4 {[%emt 0:00:00]} d5 {[%emt 0:00:03]} 3. Nc3 {[%emt 0:00:00]} Nf6 {[%emt 0:00:08]} 4. e5 {[%emt 0:02:42]} Nfd7 {[%emt 0:00:56]} 5. f4 {[%emt 0:00:06]} c5 {[%emt 0:00:03]} 6. Nf3 {[%emt 0:00:05]} Nc6 {[%emt 0:00:03]} 7. Be3 {[%emt 0:00:07]} Be7 {[%emt 0:00:03]} 8. Qd2 {[%emt 0:00:28]} O-O {[%emt 0:00:13]} 9. dxc5 {[%emt 0:00:06]} Qa5 {[%emt 0:00:30]} 10. Bd3 {[%emt 0:13:53]} f6 {[%emt 0:11:00]} 11. O-O {[%emt 0:05:08]} Bxc5 {[%emt 0:10:00]} 12. Bxc5 {[%emt 0:08:26]} Qxc5+ {[%emt 0:02:50]} 13. Kh1 {[%emt 0:00:07]} fxe5 {[%emt 0:08:11]} 14. Bxh7+ {[%emt 0:01:38]} Kxh7 {[%emt 0:01:44]} 15. Ng5+ {[%emt 0:00:31]} Kg8 {[%emt 0:01:03]} 16. Nxe6 {[%emt 0:03:27]} Qd6 {[%emt 0:07:24]} 17. Nxf8 {[%emt 0:02:32]} Nxf8 {[%emt 0:01:17]} 18. Nxd5 {[%emt 0:14:16]} e4 {[%emt 0:11:11]} 19. f5 {[%emt 0:04:27]} Qe5 {[%emt 0:04:40]} 20. f6 {[%emt 0:22:07]} Be6 {[%emt 0:01:57]} 21. Ne7+ {[%emt 0:01:44]} Nxe7 {[%emt 0:04:35]} 22. fxe7 {[%emt 0:00:04]} Nd7 {[%emt 0:00:07]} 23. Qb4 {[%emt 0:06:47]} Re8 {[%emt 0:05:29]} 24. Rae1 {[%emt 0:03:40]} Nf6 {[%emt 0:04:07]} 25. Re3 {[%emt 0:03:03]} Bd5 {[%emt 0:02:56]} 26. Qa4 {[%emt 0:03:42]} Qxe7 {[%emt 0:05:50]} 27. Qxa7 {[%emt 0:00:16]} Ng4 {[%emt 0:00:56]} 28. Rg3 {[%emt 0:01:06]} Bc4 {[%emt 0:05:28]} 29. Rb1 {[%emt 0:02:18]} Qh4 {[%emt 0:01:10]} 30. Rh3 {[%emt 0:00:05]} Nf2+ {[%emt 0:00:20]} 31. Kg1 {[%emt 0:00:16]} Nxh3+ {[%emt 0:00:08]} 32. gxh3 {[%emt 0:00:04]} Qg5+ {[%emt 0:00:13]} 0-1

[Event "Silver Lake Open-A 2019"]
[Site "Veliko Gradiste"]
[Date "2019.06.19"]
[Round "5.1"]
[White "Georgiev, Kiril"]
[Black "Abramovic, Bosko"]
[Result "1/2-1/2"]
[WhiteElo "2591"]
[BlackElo "2353"]
[Annotator "TA"]
[PlyCount "169"]
[EventDate "2019.06.16"]
[EventType "swiss"]
[EventCountry "SRB"]
[SourceTitle "playchess.com"]
[Source "ChessBase"]
[SourceQuality "1"]

{[%evp 12,169,27,20,20,12,33,3,13,-15,-3,-26,31,27,24,37,30,26,42,38,38,44,45,44,39,25,100,48,48,48,54,52,52,48,59,52,56,17,17,17,17,25,58,54,54,47,47,48,48,47,47,46,48,41,56,51,63,50,70,30,30,30,35,0,0,0,0,0,0,0,0,0,0,0,0,0,12,0,0,0,0,0,0,0,0,-6,0,0,0,0,0,0,0,0,0,0,0,0,9,0,0,0,0,0,0,0,0,0,0,0,0,0,0,0,0,-1,0,0,0,0,0,0,0,0,0,0,0,0,0,0,0,0,0,0,0,0,0,0,0,0,0,0,0,0,0,0,0,0,0,0,0,0,0,0,0,0,0,0,0,-29991]} 1. Nf3 Nf6 2. c4 e6 3. g3 d5 4. Bg2 dxc4 5. Qa4+ Nbd7 {[%cal Bb8d7,Bd7c5,Bc5b3][%mdl 32]} 6. Qxc4 a6 7. Qb3 Bd6 {A13: English Opening: 1...e6} (7... Rb8 8. d4 b5 9. Ne5 Nxe5 10. dxe5 Nd7 11. O-O c5 12. a4 Be7 13. axb5 O-O 14. Rd1 Qc7 15. Nc3 axb5 16. Nxb5 {½-½ (40) Navara,D (2739)-Karjakin,S (2753) Shamkir 2019}) 8. O-O O-O 9. a4 e5 10. Nc3 $146 ({Predecessor:} 10. d4 Re8 11. Rd1 Qe7 12. Nc3 exd4 13. Nxd4 Nc5 14. Qc4 h6 15. Be3 {½-½ (33) Karttunen,M (2465)-Pavasovic,D (2548) Heraklio 2017}) 10... Nc5 11. Qc2 Be6 ({Better is} 11... c6 $11) 12. b4 $14 {[%cal Bb2b4,Bb4b5][%mdl 32]} Nb3 13. Rb1 Nxc1 14. Rfxc1 Qe7 15. Ng5 Rab8 16. b5 a5 17. Bh3 Bc4 18. d3 h6 (18... Bd5 $1 $11 {remains equal.}) 19. dxc4 ({White should try} 19. Nge4 $16 {aiming for Nxf6+.} Be6 20. Bxe6 Qxe6 21. Nxf6+ (21. Nxd6 cxd6 22. Ne4 Nd5 $11) 21... gxf6 22. Qb3) 19... hxg5 20. Qf5 Rbd8 21. Bg2 Ba3 22. Rc2 b6 23. Qxg5 Bb4 24. Ne4 (24. Qe3 {with more complications.} Bc5 25. Qf3 Rfe8 26. e4 Rd4 27. Qe2) 24... Nxe4 25. Qxe7 Bxe7 26. Bxe4 g6 27. Bd5 Kg7 28. Kg2 f5 29. e3 Bc5 30. Rd2 Kf6 31. h4 Rh8 32. Rbd1 Rd6 33. Rh1 Rd7 34. Rdd1 Rd6 35. g4 fxg4 36. Kg3 Kf5 37. e4+ Kf6 {The position is equal.} 38. Kxg4 Rd7 39. Rd3 Rdh7 40. Rf3+ Ke7 41. Rhh3 Bb4 42. Bc6 Bc5 43. Bd5 Bb4 44. Rd3 Bd6 45. Bc6 Ke6 46. Bb7 Ke7 47. Bd5 Bc5 48. Rd2 Bd6 49. Bc6 Ke6 50. Bd5+ Ke7 51. Rd1 Rh5 52. Rdd3 R5h7 53. Rdg3 Bc5 54. Rf3 Bb4 55. Kg3 Bc5 56. Kg2 Rxh4 57. Rf7+ Ke8 58. Rxh4 Rxh4 59. Rxc7 $11 {[%mdl 4096] Endgame KRB-KRB} Rg4+ 60. Kh3 Rf4 61. f3 Rxf3+ 62. Kg4 Rf6 63. Bc6+ Kd8 64. Rd7+ Kc8 65. Rd5 Rf1 66. Rxe5 Ra1 67. Re8+ Kc7 68. e5 Rxa4 69. Ra8 Ra1 70. Kg5 a4 {[%cal Ba5a4,Ba4a3,Ba3a2][%mdl 32]} 71. Kf6 a3 72. Ke6 a2 73. Ra7+ Kb8 74. Ra8+ Kc7 75. Bd5 g5 76. Ra7+ Kc8 77. Ra8+ Kc7 78. Bc6 g4 79. Bd5 g3 80. Bc6 Bb4 81. Ra7+ Kc8 82. Bg2 Bc5 83. Ra8+ Kc7 84. Ra7+ Kb8 85. Bd5 $2 {[%mdl 40960] Accuracy: White = 56%, Black = 69%. . An unexpected result.} (85. Ra8+ $11 Kc7 86. Ra7+ Kb8 87. Ra8+ Kc7) 1/2-1/2

[Event "Silver Lake Open-A 2019"]
[Site "Veliko Gradiste"]
[Date "2019.06.19"]
[Round "5.2"]
[White "Dimitrov, Vladimir"]
[Black "Zakhartsov, Viacheslav V."]
[Result "0-1"]
[WhiteElo "2309"]
[BlackElo "2518"]
[Annotator "ChessBase"]
[PlyCount "42"]
[EventDate "2019.06.16"]
[EventType "swiss"]
[EventCountry "SRB"]
[SourceTitle "playchess.com"]
[Source "ChessBase"]
[SourceQuality "1"]
[TimeControl "40/5400+30:900+30"]

1. d4 {[%emt 0:00:00]} Nf6 {[%emt 0:00:28]} 2. c4 {[%emt 0:00:00]} e6 {[%emt 0:00:03]} 3. Nc3 {[%emt 0:00:10]} Bb4 {[%emt 0:00:05]} 4. e3 {[%emt 0:00:11]} O-O {[%emt 0:00:18]} 5. Bd3 {[%emt 0:00:42]} d5 {[%emt 0:00:24]} 6. cxd5 {[%emt 0:00:37]} exd5 {[%emt 0:00:07]} 7. Nge2 {[%emt 0:00:11]} Re8 {[%emt 0:00:19]} 8. Bd2 {[%emt 0:00:44]} Bf8 {[%emt 0:01:16]} 9. O-O {[%emt 0:03:41]} a5 {[%emt 0:13:38]} 10. Rc1 {[%emt 0:02:46]} b6 {[%emt 0:06:35]} 11. Nf4 {[%emt 0:06:08]} Bb7 {[%emt 0:02:04]} 12. Qf3 {[%emt 0:02:43]} Na6 {[%emt 0:06:47]} 13. Rfd1 {[%emt 0:05:16]} c5 {[%emt 0:05:22]} 14. Be1 {[%emt 0:10:03]} Nc7 {[%emt 0:14:40]} 15. dxc5 {[%emt 0:04:06]} bxc5 {[%emt 0:02:02]} 16. Na4 {[%emt 0:01:22]} Nd7 {[%emt 0:02:38]} 17. Bf5 {[%emt 0:09:08]} Ne5 {[%emt 0:00:17]} 18. Qg3 {[%emt 0:01:19]} Qf6 {[%emt 0:05:19]} 19. Nxc5 {[%emt 0:04:17]} Bxc5 {[%emt 0:01:42]} 20. Nh5 {[%emt 0:00:13]} Qh6 {[%emt 0:00:50]} 21. Rxc5 {[%emt 0:01:26]} Qxh5 {[%emt 0:02:21]} 0-1

[Event "Silver Lake Open-A 2019"]
[Site "Veliko Gradiste"]
[Date "2019.06.19"]
[Round "5.3"]
[White "Savic, Miodrag R"]
[Black "Nestorovic, Dejan"]
[Result "1/2-1/2"]
[WhiteElo "2503"]
[BlackElo "2339"]
[Annotator "TA"]
[PlyCount "53"]
[EventDate "2019.06.16"]
[EventType "swiss"]
[EventCountry "SRB"]
[SourceTitle "playchess.com"]
[Source "ChessBase"]
[SourceQuality "1"]

{[%evp 15,53,17,16,-12,4,0,0,0,0,-13,0,-12,0,0,0,-34,22,22,183,-52,-49,-110,-96,-126,-124,-270,-202,-190,-202,-240,-183,-184,-191,-199,-97,-113,-94,-114,-70,-118]} 1. e4 c5 2. c3 Nf6 3. e5 Nd5 4. Nf3 Nc6 5. d4 cxd4 6. Bc4 Nb6 7. Bb3 g6 8. cxd4 Bg7 9. h3 {B22: Sicilian: 2 c3} (9. Bf4 d6 10. exd6 O-O 11. O-O Bg4 12. Nbd2 exd6 13. h3 Bf5 14. Nc4 Nxc4 15. Bxc4 Be4 16. Nd2 d5 17. Nxe4 dxc4 18. Nd6 Qf6 19. Be5 Nxe5 20. dxe5 Qxe5 21. Nxc4 {0-1 (45) Kriebel,T (2514)-Navara,D (2733) Ostrava 2019}) 9... O-O 10. O-O d6 {[%cal Rd6e5]} 11. Qe2 {The position is equal.} Na5 12. Bc2 Be6 13. Rd1 Rc8 14. Nc3 {[%cal Bb1c3,Bc3e4,Be4g5][%mdl 32]} Nd5 {[#]} 15. Ne4 $146 ({Predecessor:} 15. Nxd5 Bxd5 16. Be4 Bxe4 17. Qxe4 dxe5 18. Bg5 Qb6 19. dxe5 Qxb2 20. Qd5 Nc6 21. Rab1 Qe2 22. Re1 Qa6 23. Qd7 b5 24. Bxe7 Nxe7 {½-½ (24) Savic,M (2529)-Predojevic,B (2628) Bihac 2010}) 15... Qb6 (15... dxe5 $15 16. dxe5 Qc7) 16. Neg5 $11 Nb4 $2 (16... dxe5 $11 {and Black is okay.} 17. Nxe6 Qxe6) 17. Bb1 $2 (17. Bxg6 $1 $18 hxg6 18. Qe4) 17... Bd5 $15 18. e6 (18. Bd2 $15) 18... f5 $1 $17 19. h4 Qa6 $36 {[%mdl 2048] Black is on the roll.} 20. Qe1 (20. Qxa6 $17 {is a better defense.} Nxa6 21. h5) 20... Nc2 21. Bxc2 Rxc2 22. Rd2 Rc6 {...Nb3! is the strong threat.} 23. b4 {[#]} Nc4 $1 {[%cal Rc4d2]} 24. Rd1 {[#]} Rf6 (24... Na3 $1 $19 {[%cal Ra3c2] is more deadly. Hoping for ...Nc2.} 25. Bxa3 Qxa3) 25. a4 {Threatens to win with b5.} Rc8 26. Qf1 b5 27. Nh3 $1 {Accuracy: White = 36%, Black = 40%.} 1/2-1/2

[Event "Silver Lake Open-A 2019"]
[Site "Veliko Gradiste"]
[Date "2019.06.19"]
[Round "5.4"]
[White "Van Dael, Siem"]
[Black "Radovanovic, Mihajlo"]
[Result "0-1"]
[WhiteElo "2290"]
[BlackElo "2483"]
[Annotator "ChessBase"]
[PlyCount "62"]
[EventDate "2019.06.16"]
[EventType "swiss"]
[EventCountry "SRB"]
[SourceTitle "playchess.com"]
[Source "ChessBase"]
[SourceQuality "1"]
[TimeControl "40/5400+30:900+30"]

1. e4 {[%emt 0:00:00]} c5 {[%emt 0:02:05]} 2. Nf3 {[%emt 0:00:00]} d6 {[%emt 0:00:06]} 3. d4 {[%emt 0:00:00]} cxd4 {[%emt 0:00:03]} 4. Nxd4 {[%emt 0:00:00]} Nf6 {[%emt 0:00:04]} 5. Nc3 {[%emt 0:00:02]} a6 {[%emt 0:00:03]} 6. Be3 {[%emt 0:00:08]} e5 {[%emt 0:01:02]} 7. Nb3 {[%emt 0:00:07]} Be6 {[%emt 0:00:13]} 8. f3 {[%emt 0:00:07]} h5 {[%emt 0:00:23]} 9. Qd2 {[%emt 0:00:24]} Nbd7 {[%emt 0:00:09]} 10. Nd5 {[%emt 0:00:07]} Bxd5 {[%emt 0:04:29]} 11. exd5 {[%emt 0:00:12]} g6 {[%emt 0:00:37]} 12. Be2 {[%emt 0:00:22]} Bg7 {[%emt 0:00:54]} 13. O-O {[%emt 0:00:17]} b6 {[%emt 0:02:35]} 14. a4 {[%emt 0:00:40]} O-O {[%emt 0:01:14]} 15. a5 {[%emt 0:01:21]} b5 {[%emt 0:00:11]} 16. Rac1 {[%emt 0:00:17]} Qb8 {[%emt 0:06:10]} 17. Rfd1 {[%emt 0:10:57]} Rc8 {[%emt 0:03:51]} 18. Qb4 {[%emt 0:02:52]} Kh7 {[%emt 0:05:48]} 19. h3 {[%emt 0:06:49]} Bh6 {[%emt 0:02:06]} 20. Bxh6 {[%emt 0:02:42]} Kxh6 {[%emt 0:00:05]} 21. g4 {[%emt 0:00:55]} Kg7 {[%emt 0:08:48]} 22. c4 {[%emt 0:08:07]} hxg4 {[%emt 0:04:48]} 23. cxb5 {[%emt 0:09:28]} Rxc1 {[%emt 0:00:41]} 24. Rxc1 {[%emt 0:01:34]} Nxd5 {[%emt 0:05:57]} 25. Qd2 {[%emt 0:03:13]} Nf4 {[%emt 0:00:38]} 26. hxg4 {[%emt 0:07:06]} Qa7+ {[%emt 0:02:40]} 27. b6 {[%emt 0:01:29]} Nxb6 {[%emt 0:00:05]} 28. Qe3 {[%emt 0:00:12]} Nxe2+ {[%emt 0:01:00]} 29. Qxe2 {[%emt 0:00:17]} Nd5+ {[%emt 0:00:31]} 30. Qf2 {[%emt 0:00:29]} Qxf2+ {[%emt 0:01:45]} 31. Kxf2 {[%emt 0:00:09]} Rb8 {[%emt 0:00:02]} 0-1

[Event "Silver Lake Open-A 2019"]
[Site "Veliko Gradiste"]
[Date "2019.06.19"]
[Round "5.5"]
[White "Ernst, Sipke"]
[Black "Rabrenovic, Vladan"]
[Result "1-0"]
[WhiteElo "2541"]
[BlackElo "2332"]
[Annotator "RC"]
[PlyCount "89"]
[EventDate "2019.06.16"]
[EventType "swiss"]
[EventCountry "SRB"]
[SourceTitle "playchess.com"]
[Source "ChessBase"]
[SourceQuality "1"]
[TimeControl "40/5400+30:900+30"]

1. Nf3 {[%emt 0:00:00]} d5 {[%emt 0:08:14]} 2. c4 {[%emt 0:00:00]} e6 {[%emt 0:01:44]} 3. g3 {[%emt 0:00:08]} Nf6 {[%emt 0:00:07]} 4. Bg2 {[%emt 0:00:07]} Be7 {[%emt 0:02:06]} 5. b3 {[%emt 0:01:01]} d4 {[%emt 0:00:38]} 6. O-O {[%emt 0:00:33]} O-O {[%emt 0:00:24]} 7. e3 {[%emt 0:00:23]} c5 {[%emt 0:00:48]} 8. exd4 {[%emt 0:00:05]} cxd4 {[%emt 0:00:04]} 9. d3 {[%emt 0:00:15]} Nc6 {[%emt 0:00:42]} 10. Bb2 {[%emt 0:01:02]} e5 {[%emt 0:01:26]} 11. Re1 {[%emt 0:01:14]} Nd7 {[%emt 0:00:08]} 12. Ba3 {[%emt 0:01:24]} a5 {[%emt 0:18:40]} 13. Bxe7 {[%emt 0:08:09]} Qxe7 {[%emt 0:00:06]} 14. Nbd2 {[%emt 0:01:24]} Nc5 {[%emt 0:07:50]} 15. Ne4 {[%emt 0:00:14]} Nxe4 {[%emt 0:10:16]} 16. Rxe4 {[%emt 0:00:07]} f6 {[%emt 0:00:06]} 17. a3 {[%emt 0:01:34]} Bf5 {[%emt 0:01:32]} 18. Re1 {[%emt 0:01:00]} Qd7 {[%emt 0:08:21]} 19. Nh4 {[%emt 0:01:07]} Bg4 {[%emt 0:00:06]} 20. Qd2 {[%emt 0:05:20]} g5 {[%emt 0:01:57]} 21. Nf3 {[%emt 0:04:54]} Qf5 {[%emt 0:00:07]} 22. Qe2 {[%emt 0:00:18]} Ra6 {[%emt 0:10:36]} 23. Rab1 {[%emt 0:09:00]} Rb6 {[%emt 0:03:24]} 24. c5 {[%emt 0:01:31]} Ra6 {[%emt 0:00:05]} 25. b4 {[%emt 0:03:12]} axb4 {[%emt 0:00:09]} 26. axb4 {[%emt 0:00:04]} Ra3 {[%emt 0:02:57]} 27. b5 {[%emt 0:01:05]} Nd8 {[%emt 0:00:31]} 28. Qb2 {[%emt 0:05:54]} Qxd3 {[%emt 0:06:41]} 29. Nd2 {[%emt 0:00:05]} Qc3 {[%emt 0:00:35]} 30. Ne4 {[%emt 0:03:02]} Qxb2 {[%emt 0:00:59]} 31. Rxb2 {[%emt 0:00:04]} Ne6 {[%emt 0:07:12]} 32. c6 {[%emt 0:06:53]} bxc6 {[%emt 0:03:44]} 33. bxc6 {[%emt 0:00:50]} Kg7 {[%emt 0:01:12]} 34. Rb7+ {[%emt 0:14:54]} Rf7 {[%emt 0:00:05]} 35. Nd6 {[%emt 0:01:40]} Rxb7 {[%emt 0:01:06]} 36. cxb7 {[%emt 0:00:05]} Rb3 {[%emt 0:00:04]} 37. h3 {[%emt 0:00:26]} Bh5 {[%emt 0:02:20]} 38. Bd5 {[%emt 0:00:04]} Rb4 {[%emt 0:00:12]} 39. Bxe6 {[%emt 0:00:25]} Bf3 {[%emt 0:00:29]} 40. Rc1 {[%emt 0:00:00]} d3 {[%emt 0:00:00]} 41. Rc7+ {[%emt 0:04:12]} Kf8 {[%emt 0:04:42]} 42. Rf7+ {[%emt 0:00:05]} Kg8 {[%emt 0:00:45]} 43. Re7+ {[%emt 0:00:41]} Kf8 {[%emt 0:01:04]} 44. Re8+ {[%emt 0:00:04]} Kg7 {[%emt 0:00:05]} 45. Rg8+ {[%emt 0:00:06]} 1-0

[Event "Silver Lake Open-A 2019"]
[Site "Veliko Gradiste"]
[Date "2019.06.19"]
[Round "5.6"]
[White "Strikovic, Aleksa"]
[Black "Popovic, Milan S"]
[Result "1-0"]
[WhiteElo "2503"]
[BlackElo "2324"]
[Annotator "TA"]
[PlyCount "81"]
[EventDate "2019.06.16"]
[EventType "swiss"]
[EventCountry "SRB"]
[SourceTitle "playchess.com"]
[Source "ChessBase"]
[SourceQuality "1"]

{[%evp 15,81,20,20,11,27,27,31,34,58,44,64,60,62,22,35,48,41,39,47,45,62,29,51,40,40,14,27,28,47,5,5,5,13,10,8,8,9,9,20,26,44,57,82,82,134,133,137,140,177,175,224,224,314,306,314,306,306,289,303,285,356,338,619,617,601,566,571,528]} 1. d4 Nf6 2. g3 d6 3. Bg2 Nbd7 4. e4 e5 5. Ne2 Be7 6. Nbc3 c6 7. a4 b6 8. O-O O-O 9. h3 {B07: Pirc Defence: Miscellaneous Systems} h5 (9... Bb7 10. Be3 a6 11. g4 b5 12. Ng3 g6 13. f4 b4 14. Nce2 exd4 15. Qxd4 c5 16. Qd2 Nb6 {0-1 (39) Grischuk,A (2717)-Morozevich,A (2721) Moscow 2006}) 10. Be3 Bb7 11. a5 $146 {White is slightly better.} ({Predecessor:} 11. Qd2 a6 12. Rfe1 b5 13. f3 Re8 14. Nc1 Bf8 15. Nd3 exd4 16. Bxd4 c5 {½-½ (55) Gukasian,R (2389)-Sokolov,A (2585) playchess.com INT 2004}) 11... bxa5 12. Nc1 Nb6 13. dxe5 dxe5 14. Nd3 Nbd7 15. Na4 Ba6 16. b3 Bxd3 17. Qxd3 Qc7 18. Rfd1 {[%mdl 1024] White has compensation.} Rfb8 19. Qe2 Nf8 20. Qf3 Ne6 21. Bf1 Rd8 22. Rxd8+ Rxd8 23. c3 c5 24. Bc4 Qc6 25. Kg2 Qxe4 26. Bxe6 fxe6 27. Bxc5 Qxf3+ 28. Kxf3 e4+ {[#]} 29. Ke2 $1 Bxc5 (29... Kf8 $142) 30. Nxc5 $16 {[%mdl 4096] Endgame KRN-KRN} Rd5 31. Nxe6 Rd3 32. Rxa5 Rxc3 33. Rxa7 h4 (33... Kh8 $142 34. Rxg7 Rxb3) 34. Rxg7+ $18 Kh8 35. Rg6 ({Don't do} 35. gxh4 Rxb3 36. Rg6 Nd5 $18) 35... Nd5 36. Rg5 ({Not} 36. gxh4 e3 $16) 36... Rc2+ 37. Kf1 Rc1+ 38. Kg2 e3 $2 {[#]} (38... Nc3 39. gxh4 Rc2) 39. Rxd5 {White is clearly winning.} e2 40. Rd8+ Kh7 41. Ng5+ {Accuracy: White = 71%, Black = 35%.} 1-0

[Event "Silver Lake Open-A 2019"]
[Site "Veliko Gradiste"]
[Date "2019.06.19"]
[Round "5.7"]
[White "Stankovic, Milos"]
[Black "Kosanovic, Goran A"]
[Result "1/2-1/2"]
[WhiteElo "2462"]
[BlackElo "2316"]
[Annotator "ChessBase"]
[PlyCount "53"]
[EventDate "2019.06.16"]
[EventType "swiss"]
[EventCountry "SRB"]
[SourceTitle "playchess.com"]
[Source "ChessBase"]
[SourceQuality "1"]
[TimeControl "40/5400+30:900+30"]

1. e4 e5 2. Nf3 Nf6 3. Nxe5 d6 4. Nc4 Nxe4 5. Qe2 Qe7 6. Ne3 c6 7. g3 g6 8. Bg2 Nf6 9. d4 Bg7 10. O-O O-O 11. c4 c5 12. dxc5 dxc5 13. Nc3 Nc6 14. Re1 Nd4 15. Qd1 Be6 16. Ned5 Qd7 17. Bg5 Nxd5 18. Nxd5 Bxd5 19. Bxd5 Rae8 20. Qd3 b6 21. Rad1 h5 22. b3 Kh7 23. Kg2 Bh6 24. Bf6 Bg7 25. Bg5 Bh6 26. Bf6 Bg7 27. Bg5 1/2-1/2

[Event "Silver Lake Open-A 2019"]
[Site "Veliko Gradiste"]
[Date "2019.06.19"]
[Round "5.8"]
[White "Stefanov, Emil"]
[Black "Lajthajm, Borko"]
[Result "1/2-1/2"]
[WhiteElo "2387"]
[BlackElo "2433"]
[Annotator "NA"]
[PlyCount "58"]
[EventDate "2019.06.16"]
[EventType "swiss"]
[EventCountry "SRB"]
[SourceTitle "playchess.com"]
[Source "ChessBase"]
[SourceQuality "1"]
[TimeControl "40/5400+30:900+30"]

1. d4 {[%emt 0:00:00]} Nf6 {[%emt 0:00:00]} 2. c4 {[%emt 0:00:11]} e6 {[%emt 0:00:00]} 3. Nf3 {[%emt 0:00:11]} b6 {[%emt 0:00:00]} 4. g3 {[%emt 0:00:33]} Bb7 {[%emt 0:00:22]} 5. Bg2 {[%emt 0:00:08]} Bb4+ {[%emt 0:00:07]} 6. Bd2 {[%emt 0:00:04]} a5 {[%emt 0:00:14]} 7. O-O {[%emt 0:00:49]} Bxd2 {[%emt 0:00:14]} 8. Qxd2 {[%emt 0:00:01]} O-O {[%emt 0:00:00]} 9. Nc3 {[%emt 0:00:09]} Ne4 {[%emt 0:00:43]} 10. Nxe4 {[%emt 0:00:13]} Bxe4 {[%emt 0:00:08]} 11. Qe3 {[%emt 0:01:01]} d5 {[%emt 0:02:49]} 12. Rac1 {[%emt 0:03:16]} Bxf3 {[%emt 0:00:58]} 13. Bxf3 {[%emt 0:02:00]} c6 {[%emt 0:00:04]} 14. cxd5 {[%emt 0:14:52]} exd5 {[%emt 0:00:22]} 15. Qf4 {[%emt 0:02:09]} f5 {[%emt 0:01:09]} 16. h4 {[%emt 0:00:49]} Ra7 {[%emt 0:01:05]} 17. Rc3 {[%emt 0:02:58]} Re7 {[%emt 0:01:43]} 18. Rfc1 {[%emt 0:01:40]} Rf6 {[%emt 0:00:34]} 19. Bxd5+ {[%emt 0:12:54]} Qxd5 {[%emt 0:00:04]} 20. Qxb8+ {[%emt 0:00:05]} Kf7 {[%emt 0:00:04]} 21. e3 {[%emt 0:06:47]} f4 {[%emt 0:00:05]} 22. exf4 {[%emt 0:06:01]} Rfe6 {[%emt 0:01:48]} 23. Rf1 {[%emt 0:00:07]} Re1 {[%emt 0:01:04]} 24. Rc1 {[%emt 0:00:02]} Rxc1 {[%emt 0:00:08]} 25. Rxc1 {[%emt 0:00:01]} Qxd4 {[%emt 0:00:14]} 26. Qc8 {[%emt 0:05:45]} Re2 {[%emt 0:04:40]} 27. Qf5+ {[%emt 0:06:34]} Kg8 {[%emt 0:00:23]} 28. Qc8+ {[%emt 0:00:06]} Kf7 {[%emt 0:00:59]} 29. Qf5+ {[%emt 0:00:05]} Kg8 {[%emt 0:00:12]} 1/2-1/2

[Event "Silver Lake Open-A 2019"]
[Site "Veliko Gradiste"]
[Date "2019.06.19"]
[Round "5.9"]
[White "Martic, Ivan"]
[Black "Ozkan, Taha"]
[Result "1-0"]
[WhiteElo "2401"]
[BlackElo "2039"]
[Annotator "NA"]
[PlyCount "97"]
[EventDate "2019.06.16"]
[EventType "swiss"]
[EventCountry "SRB"]
[SourceTitle "playchess.com"]
[Source "ChessBase"]
[SourceQuality "1"]
[TimeControl "40/5400+30:900+30"]

1. Nf3 {[%emt 0:00:00]} d5 {[%emt 0:00:00]} 2. g3 {[%emt 0:00:00]} c6 {[%emt 0:00:00]} 3. Bg2 {[%emt 0:00:00]} Nd7 {[%emt 0:00:00]} 4. d4 {[%emt 0:00:12]} e6 {[%emt 0:00:00]} 5. O-O {[%emt 0:00:18]} f5 {[%emt 0:00:00]} 6. c4 {[%emt 0:00:45]} Ndf6 {[%emt 0:02:19]} 7. b3 {[%emt 0:07:21]} Ne4 {[%emt 0:00:46]} 8. Bb2 {[%emt 0:06:23]} Ngf6 {[%emt 0:01:00]} 9. Ne5 {[%emt 0:01:13]} Be7 {[%emt 0:01:14]} 10. c5 {[%emt 0:07:56]} Nd7 {[%emt 0:01:09]} 11. Nd3 {[%emt 0:08:47]} O-O {[%emt 0:04:20]} 12. Nd2 {[%emt 0:05:11]} e5 {[%emt 0:06:43]} 13. b4 {[%emt 0:03:19]} Nxd2 {[%emt 0:10:47]} 14. Qxd2 {[%emt 0:00:19]} e4 {[%emt 0:01:46]} 15. Ne5 {[%emt 0:00:41]} Nxe5 {[%emt 0:02:00]} 16. dxe5 {[%emt 0:00:09]} Bg5 {[%emt 0:05:45]} 17. e3 {[%emt 0:00:27]} Qe7 {[%emt 0:01:50]} 18. Qd4 {[%emt 0:06:17]} Bh6 {[%emt 0:02:59]} 19. f4 {[%emt 0:06:49]} exf3 {[%emt 0:03:51]} 20. Rxf3 {[%emt 0:00:11]} g6 {[%emt 0:01:52]} 21. g4 {[%emt 0:05:17]} Bg7 {[%emt 0:02:36]} 22. Raf1 {[%emt 0:15:27]} Bd7 {[%emt 0:11:47]} 23. Bh3 {[%emt 0:08:30]} fxg4 {[%emt 0:05:08]} 24. Rxf8+ {[%emt 0:03:00]} Rxf8 {[%emt 0:00:04]} 25. Rxf8+ {[%emt 0:00:18]} Kxf8 {[%emt 0:00:39]} 26. Bg2 {[%emt 0:01:05]} Qh4 {[%emt 0:06:14]} 27. Bc3 {[%emt 0:03:33]} Qg5 {[%emt 0:03:03]} 28. b5 {[%emt 0:00:51]} Ke7 {[%emt 0:02:39]} 29. b6 {[%emt 0:02:16]} a6 {[%emt 0:08:40]} 30. Bf1 {[%emt 0:00:46]} Bc8 {[%emt 0:03:49]} 31. e4 {[%emt 0:01:17]} Qf4 {[%emt 0:02:46]} 32. exd5 {[%emt 0:01:53]} Qxd4+ {[%emt 0:03:02]} 33. Bxd4 {[%emt 0:00:06]} cxd5 {[%emt 0:00:06]} 34. Bxa6 {[%emt 0:00:50]} bxa6 {[%emt 0:01:33]} 35. c6 {[%emt 0:00:07]} Kd8 {[%emt 0:00:46]} 36. Kg2 {[%emt 0:02:07]} Bf8 {[%emt 0:00:27]} 37. e6 {[%emt 0:01:05]} Bd6 {[%emt 0:02:46]} 38. b7 {[%emt 0:01:38]} Bxb7 {[%emt 0:03:11]} 39. cxb7 {[%emt 0:00:16]} Kc7 {[%emt 0:00:56]} 40. Be5 {[%emt 0:00:00]} Kxb7 {[%emt 0:00:00]} 41. Bxd6 {[%emt 0:00:44]} Kc8 {[%emt 0:01:07]} 42. Kg3 {[%emt 0:00:53]} h5 {[%emt 0:00:18]} 43. Kf4 {[%emt 0:01:09]} Kd8 {[%emt 0:01:02]} 44. Ke5 {[%emt 0:01:41]} h4 {[%emt 0:01:27]} 45. Kxd5 {[%emt 0:00:26]} g5 {[%emt 0:00:49]} 46. Ke4 {[%emt 0:02:51]} g3 {[%emt 0:00:49]} 47. hxg3 {[%emt 0:00:14]} hxg3 {[%emt 0:00:33]} 48. Kf3 {[%emt 0:00:07]} Ke8 {[%emt 0:00:59]} 49. Kxg3 {[%emt 0:00:15]} 1-0